<?xml version="1.0" encoding="UTF-8"?>
<collection xmlns="http://www.loc.gov/MARC21/slim">
<record>
  <controlfield tag="001">305586</controlfield>
  <controlfield tag="005">20230204173717.0</controlfield>
  <datafield tag="035" ind1=" " ind2=" ">
    <subfield code="a">G:(GEPRIS)5339136</subfield>
  </datafield>
  <datafield tag="024" ind1="7" ind2=" ">
    <subfield code="a">G:(GEPRIS)5339136</subfield>
    <subfield code="d">5339136</subfield>
  </datafield>
  <datafield tag="040" ind1=" " ind2=" ">
    <subfield code="a">GEPRIS</subfield>
    <subfield code="c">http://gepris.its.kfa-juelich.de</subfield>
  </datafield>
  <datafield tag="150" ind1=" " ind2=" ">
    <subfield code="a">Szenen- und Situationsmodelllierung (M02)</subfield>
    <subfield code="y">2001 - 2012</subfield>
  </datafield>
  <datafield tag="371" ind1=" " ind2=" ">
    <subfield code="a">Dr.-Ing. Pedram Azad</subfield>
  </datafield>
  <datafield tag="371" ind1=" " ind2=" ">
    <subfield code="a">Professor Dr.-Ing. Jürgen Beyerer</subfield>
  </datafield>
  <datafield tag="371" ind1=" " ind2=" ">
    <subfield code="a">Professor Dr.-Ing. Rüdiger Dillmann</subfield>
  </datafield>
  <datafield tag="371" ind1=" " ind2=" ">
    <subfield code="a">Dr.-Ing. Peter Steinhaus</subfield>
  </datafield>
  <datafield tag="450" ind1=" " ind2=" ">
    <subfield code="a">SFB 588 M02</subfield>
    <subfield code="w">d</subfield>
    <subfield code="y">2001 - 2012</subfield>
  </datafield>
  <datafield tag="510" ind1="1" ind2=" ">
    <subfield code="a">Deutsche Forschungsgemeinschaft</subfield>
    <subfield code="0">I:(DE-588b)2007744-0</subfield>
    <subfield code="b">DFG</subfield>
  </datafield>
  <datafield tag="550" ind1=" " ind2=" ">
    <subfield code="0">G:(GEPRIS)5484926</subfield>
    <subfield code="a">SFB 588: Humanoide Roboter: Lernende und kooperierende multimodale Roboter</subfield>
    <subfield code="w">t</subfield>
  </datafield>
  <datafield tag="680" ind1=" " ind2=" ">
    <subfield code="a">Ein objektorientiertes Umweltmodell soll aufgebaut werden. Es enthält die für den Roboter relevanten Objekte und Relationen seiner Umgebung und bildet mithin ein Gedächtnis, das dem Roboter eine situational awareness ermöglicht. Es stellt für die anderen Teilprojekte eine dynamische Informationsdrehscheibe dar, aus der Informationen entnommen oder eingebracht werden können. Das Modell verbindet Top-Down- und Bottom-Up-Ansätze, verfügt über unterschiedliche Abstraktionsniveaus und wird mit Regeln ausgestattet, um Situationen und Kontexte repräsentieren zu können.</subfield>
  </datafield>
  <datafield tag="909" ind1="C" ind2="O">
    <subfield code="o">oai:juser.fz-juelich.de:972461</subfield>
    <subfield code="p">authority:GRANT</subfield>
    <subfield code="p">authority</subfield>
  </datafield>
  <datafield tag="980" ind1=" " ind2=" ">
    <subfield code="a">G</subfield>
  </datafield>
  <datafield tag="980" ind1=" " ind2=" ">
    <subfield code="a">AUTHORITY</subfield>
  </datafield>
  <datafield tag="909" ind1="C" ind2="O">
    <subfield code="o">oai:juser.fz-juelich.de:972461</subfield>
  </datafield>
</record>
</collection>